Tally-Ho! (Record no. 190634)
[ view plain ]
| 000 -LEADER | |
|---|---|
| fixed length control field | 00784 a2200169 4500 |
| 003 - CONTROL NUMBER IDENTIFIER | |
| control field | Nust |
| 005 - DATE AND TIME OF LATEST TRANSACTION | |
| control field | 20170207153948.0 |
| 040 ## - CATALOGING SOURCE | |
| Transcribing agency | Nust |
| 082 ## - DEWEY DECIMAL CLASSIFICATION NUMBER | |
| Classification number | 355.02 |
| 100 ## - MAIN ENTRY--PERSONAL NAME | |
| Personal name | Donahue,Arthur Gerald |
| 245 ## - TITLE STATEMENT | |
| Title | Tally-Ho! |
| Statement of responsibility, etc. | Arthur Grerald donahue |
| 260 ## - PUBLICATION, DISTRIBUTION, ETC. | |
| Place of publication, distribution, etc. | London |
| Name of publisher, distributor, etc. | Macmillan and co., limited |
| Date of publication, distribution, etc. | 1941 |
| 300 ## - PHYSICAL DESCRIPTION | |
| Extent | 190 p |
| 505 ## - FORMATTED CONTENTS NOTE | |
| Formatted contents note | A Farm Boy Goes Abroad (Page-1) Apprenticeship in War 1 (Page-13) Tally-ho (Page-32) Victory –and its Price (Page-48) Defeat (Page-63) recovery (page-76) Back to Work (page-84) Impatience (Page-94) Back To The Front – Ho Again (Page-105) Hun-Chasing (Page-119) A Day at War (Page-136) We Stage a Comeback (page-160) Interlude (Page-172) The Watch Over the Channel (Page-179) |
| 538 ## - SYSTEM DETAILS NOTE | |
| System details note | Almirah No.52, Shelf No.5 |
| 650 ## - SUBJECT ADDED ENTRY--TOPICAL TERM | |
| Topical term or geographic name entry element | yankee in a spitfire |
| 942 ## - ADDED ENTRY ELEMENTS (KOHA) | |
| Source of classification or shelving scheme | |
| Koha item type | Book |
| Withdrawn status | Lost status | Source of classification or shelving scheme | Damaged status | Not for loan | Collection code | Permanent Location | Current Location | Date acquired | Total Checkouts | Full call number | Barcode | Date last seen | Price effective from | Koha item type |
|---|---|---|---|---|---|---|---|---|---|---|---|---|---|---|
| Military College of Signals (MCS) | Military College of Signals (MCS) | 12/12/2016 | 355.02 DON | MCS29339 | 12/08/2016 | 12/12/2016 | Book |
